The wheat-marketing activity in Pakistan / (Record no. 351662)
[ view plain ]
| 000 -LEADER | |
|---|---|
| fixed length control field | 01117nam a2200301 a 4500 |
| 001 - CONTROL NUMBER | |
| control field | 3853386 |
| 003 - CONTROL NUMBER IDENTIFIER | |
| control field | OSt |
| 005 - DATE AND TIME OF LATEST TRANSACTION | |
| control field | 20180116183052.0 |
| 008 - FIXED-LENGTH DATA ELEMENTS--GENERAL INFORMATION | |
| fixed length control field | 891215s1987 pk b 000 0 eng |
| 010 ## - LIBRARY OF CONGRESS CONTROL NUMBER | |
| LC control number | 87931530 |
| 040 ## - CATALOGING SOURCE | |
| Original cataloging agency | DLC |
| Transcribing agency | DLC |
| 043 ## - GEOGRAPHIC AREA CODE | |
| Geographic area code | a-pk--- |
| 050 00 - LIBRARY OF CONGRESS CALL NUMBER | |
| Item number | P33 1987 |
| 082 ## - DEWEY DECIMAL CLASSIFICATION NUMBER | |
| Classification number | 658.0954 COR 1987 |
| 100 1# - MAIN ENTRY--PERSONAL NAME | |
| Personal name | Cornelisse, Peter A. |
| 245 14 - TITLE STATEMENT | |
| Title | The wheat-marketing activity in Pakistan / |
| Statement of responsibility, etc. | Peter A. Cornelisse, Syed Nawab Haider Naqvi. |
| 260 ## - PUBLICATION, DISTRIBUTION, ETC. | |
| Place of publication, distribution, etc. | Islamabad : |
| Name of publisher, distributor, etc. | Pakistan Institute of Development Economics ; |
| Place of publication, distribution, etc. | Rotterdam : |
| Name of publisher, distributor, etc. | Centre for Development Planning, Erasmus University, |
| Date of publication, distribution, etc. | 1987. |
| 300 ## - PHYSICAL DESCRIPTION | |
| Extent | xii, 125 p. : |
| Other physical details | map ; |
| Dimensions | 25 cm. |
| 440 ## - SERIES STATEMENT/ADDED ENTRY--TITLE | |
| Title | The wheat-marketing activity in Pakistan |
| 504 ## - BIBLIOGRAPHY, ETC. NOTE | |
| Bibliography, etc. note | Includes bibliographical references. |
| 650 #0 - SUBJECT ADDED ENTRY--TOPICAL TERM | |
| Topical term or geographic name entry element | Wheat trade |
| Geographic subdivision | Pakistan. |
| 650 #0 - SUBJECT ADDED ENTRY--TOPICAL TERM | |
| Topical term or geographic name entry element | Wheat |
| Geographic subdivision | Pakistan |
| General subdivision | Marketing. |
| 700 1# - ADDED ENTRY--PERSONAL NAME | |
| Personal name | Naqvi, Syed Nawab Haider. |
| 710 2# - ADDED ENTRY--CORPORATE NAME | |
| Corporate name or jurisdiction name as entry element | Pakistan Institute of Development Economics. |
| 906 ## - LOCAL DATA ELEMENT F, LDF (RLIN) | |
| a | 7 |
| b | cbc |
| c | orignew |
| d | 3 |
| e | ncip |
| f | 19 |
| g | y-gencatlg |
| 942 ## - ADDED ENTRY ELEMENTS (KOHA) | |
| Source of classification or shelving scheme | |
| Koha item type | Book |
| Withdrawn status | Lost status | Source of classification or shelving scheme | Damaged status | Not for loan | Collection code | Permanent Location | Current Location | Shelving location | Date acquired | Total Checkouts | Full call number | Barcode | Date last seen | Price effective from | Koha item type |
|---|---|---|---|---|---|---|---|---|---|---|---|---|---|---|---|
| Central Library (CL) | Central Library (CL) | General Stacks | 08/16/2016 | 658.0954 COR 1987 | NBSD-2718 | 08/16/2016 | 08/16/2016 | Book | |||||||
| Central Library (CL) | Central Library (CL) | General Stacks | 08/01/2018 | 658.0954 COR 1987 | NBSD-3016 | 08/01/2018 | 08/01/2018 | Book |
